Ukraine Quiz - Statistics

General Stats
  • This quiz has been taken 43 times
  • The average score is 9 of 12
Answer Stats
Hint Answer % Correct
What is the capitol of Ukraine? Kyiv
100%
Name a color that is featured on the Ukrainian flag. Yellow/Blue
100%
Name a country that borders Ukraine. Poland/Slovakia/Hungary/Romania/Moldova/Russia/Belarus
97%
What continent is Ukraine considered part of? Europe
94%
What is the most populous city in Ukraine? Kyiv
89%
What is the most popular sport in Ukraine? Futball/Football/Soccer
83%
Who is the current President of Ukraine? Volodymyr Zelenskyy
74%
What is Ukraine's biggest export? Agricultural products
71%
Rounded to the nearest 10 million, what is the population of Ukraine? Example: Russia's population is 144.1 Million. My answer would be 140 40 Million
66%
What is the second most populous city in Ukraine? Kharkiv City
57%
Name the longest mountain range that touches or is inside Ukrainian borders. Carpathian Mountains
40%
Name the longest river that touches or is inside Ukrainian borders. Dnieper River
37%
No matching quizzes found
Score Distribution
Percent of People with Each Score
Percentile by Number Answered
Your Score History
You have not taken this quiz